00820nas a2200169 a 4500008004100000050001900041110005800060245017100118260004300289300000600332350000900338650001900347650004100366995010000407999001700507952012600524120416c20069999||||||||||||||||| || u aUN-ECE(058)ADR aUnited Nations Economic Commission for Europe (UNECE)10aEuropean Agreement concerning the International Carriage of Dangerous Goods by Road (ADR)cby United Nations Economic Commission for Europe Inland Transport Committee aNew York :bUNITED NATIONSc06/04/2006 a2 a0.00 aTRANSPORTATION 0aHAZARDOUS SUBSTANCES--TRANSPORTATION D0.00FCBU-MAIN LIBRARY (Kitwe)H1I0.00M2UAVAILABLEWApr 6, 2006ZAnnex Low-Usage Collection  c42574d42574 00102lcc4070a001b001cAnnex Low-Usage Collection d2022-11-30l0oUN-ECE(058)ADRp44032r2022-11-30w2022-11-30y002